| 000 | 00754cam a2200217 i 4500 | ||
|---|---|---|---|
| 020 | _a013469189X : | ||
| 082 | 0 | 0 |
_a006.6 _bGIL _cML-02,P-93 |
| 100 | 1 |
_aGiloi, Wolfgang. _936947 |
|
| 245 | 1 | 0 |
_aInteractive computer graphics : _bdata structures, algorithms, languages / _cWolfgang K. Giloi. |
| 260 |
_aDelhi. : _bPrentice-Hall, _cc1988. |
||
| 300 |
_axiii, 354 p. : _bill. ; _c24 cm. |
||
| 500 | _aIncludes index. | ||
| 526 |
_a0 _b0 _c0 _d006_600000000000000_GIL |
||
| 650 | 0 |
_aAlgorithms. _913771 |
|
| 650 | 0 |
_aComputer graphics. _91225 |
|
| 650 | 0 |
_aData structures (Computer science) _93010 |
|
| 650 | 0 |
_aInteractive computer systems. _936948 |
|
| 650 | 0 |
_aMCE _9379 |
|
| 650 | 0 |
_aProgramming languages (Electronic computers) _93683 |
|
| 942 |
_2ddc _cBK |
||
| 999 |
_c541877 _d541877 |
||